Paesi del Sud America con una Mappa Vuota - Statistics

Statistiche generali
  • Questo quiz è stato fatto 7.638 volte
  • Il punteggio medio è 11 su 12
Risposte nella Mappa
Le risposte nella mappa del quiz sottostante sono codificate secondo una scala di colori dal rosso al verde in base alla % di persone che hanno risposto correttamente.
 
Statistiche sulle risposte
Paese % Corretto
Argentina
99%
Brasile
99%
Cile
98%
Colombia
96%
Paraguay
96%
Uruguay
96%
Bolivia
95%
Perù
95%
Venezuela
95%
Ecuador
91%
Guyana
83%
Suriname
82%
Nessun quiz corrispondente trovato
Distribuzione punteggi
Percentuale di utenti per punteggio
Percentile per numero di risposta
I tuoi punteggi nel tempo
Non hai fatto questo quiz